Every Operating Rail Line in Seoul Metropolitan Area - Statistics

General Stats
  • This quiz has been taken 26 times
  • The average score is 20 of 25
Answer Stats
Line % Correct
Line 1
100%
Line 2
100%
Line 3
100%
Line 4
95%
Line 5
95%
Line 6
95%
Line 7
95%
Line 8
95%
Line 9
95%
Suin Bundang Line
90%
Incheon Line 1
81%
Incheon Line 2
81%
Gimpo Goldline
76%
Incheon Airport Rail
76%
Shinbundang Line
76%
Ui Light Rail Transit
76%
Ever Line
71%
Seohae Line
71%
Gyeongui Jungang Line
67%
Great Train Express A
62%
Gyeongchun Line
62%
Sillim Line
62%
Gyeonggang Line
57%
Uijeongbu Light Rail Transit
52%
Incheon Airport Maglev
43%
No matching quizzes found
Score Distribution
Percent of People with Each Score
Percentile by Number Answered
Your Score History
You have not taken this quiz